Statistiques concernant Géographie: Le jeu des frontières #4

Cliquez ici pour prendre le quiz!

Statistiques générales

  • Ce quiz a été pris 87 fois
  • Le résultat moyen est 44 sur 64

Statistiques - réponses

QuestionTuileSelect% Correct
l'Espagne et la RoumanieAndorreNon
92%
la Namibie et l'Arabie saouditeMozambiqueNon
92%
l'Italie et le KazakhstanBelgiqueNon
90%
l'Espagne et la RoumanieAlbanieNon
88%
la Namibie et l'Arabie saouditeArabie saouditeOui
88%
l'Italie et le KazakhstanSerbieNon
88%
l'Espagne et la RoumanieRoumanieOui
87%
l'Italie et le KazakhstanFranceNon
87%
l'Espagne et la RoumanieMonténégroNon
87%
l'Espagne et la RoumanieMacédoine du NordNon
86%
la Suède et l'IrakNorvègeNon
86%
l'Italie et le KazakhstanSlovaquieNon
86%
la Suède et l'IrakBulgarieNon
85%
la Namibie et l'Arabie saouditeÉrythréeNon
85%
la Suède et l'IrakJordanieNon
85%
l'Espagne et la RoumanieSlovénieNon
85%
l'Espagne et la RoumanieCroatieNon
83%
la Namibie et l'Arabie saouditeÉgypteOui
83%
l'Italie et le KazakhstanRépublique tchèqueNon
83%
la Suède et l'IrakRoumanieNon
81%
la Suède et l'IrakBiélorussieNon
78%
la Suède et l'IrakIrakOui
77%
l'Italie et le KazakhstanKazakhstanOui
77%
l'Italie et le KazakhstanAllemagneNon
76%
la Namibie et l'Arabie saouditeNamibieOui
76%
l'Italie et le KazakhstanPologneNon
76%
la Namibie et l'Arabie saouditeRépublique centrafricaineNon
76%
la Namibie et l'Arabie saouditeSomalieNon
76%
l'Italie et le KazakhstanItalieOui
74%
la Suède et l'IrakFinlandeOui
74%
l'Italie et le KazakhstanRoumanieNon
74%
la Suède et l'IrakTurquieNon
74%
la Suède et l'IrakUkraineNon
74%
l'Italie et le KazakhstanBiélorussieNon
73%
l'Italie et le KazakhstanRussieOui
73%
la Namibie et l'Arabie saouditeSoudanOui
73%
l'Espagne et la RoumanieEspagneOui
71%
l'Espagne et la RoumanieBulgarieOui
71%
la Namibie et l'Arabie saouditeIsraëlOui
71%
la Suède et l'IrakRussieOui
71%
la Suède et l'IrakSyrieNon
71%
la Suède et l'IrakSuèdeOui
68%
la Suède et l'IrakOuzbékistanNon
68%
l'Italie et le KazakhstanSuisseNon
68%
l'Italie et le KazakhstanAutricheOui
67%
la Namibie et l'Arabie saouditeAngolaNon
65%
la Namibie et l'Arabie saouditeR.D.CongoNon
62%
la Namibie et l'Arabie saouditeZambieOui
60%
l'Italie et le KazakhstanHongrieOui
59%
l'Italie et le KazakhstanUkraineOui
59%
l'Espagne et la RoumanieAutricheNon
55%
la Namibie et l'Arabie saouditeKenyaOui
51%
l'Espagne et la RoumanieHongrieNon
49%
la Suède et l'IrakIranOui
49%
la Namibie et l'Arabie saouditeTanzanieOui
49%
la Namibie et l'Arabie saouditeJordanieOui
40%
l'Espagne et la RoumaniebateauOui
37%
l'Espagne et la RoumanieGrèceOui
36%
la Suède et l'IrakTurkménistanOui
36%
la Namibie et l'Arabie saouditeÉthiopieOui
31%
l'Espagne et la RoumanieItalieNon
31%
l'Espagne et la RoumanieFranceNon
29%
la Suède et l'IrakKazakhstanOui
15%
l'Espagne et la RoumaniePortugalOui
15%

Distribution des résultats

Percentile par nombre de réponses

% des personnes avec chaque résultat

Votre développement - résultats

Vous n’avez pas pris ce quiz